Fifth Beatles Quiz - Statistics

General Stats
  • This quiz has been taken 12 times
  • The average score is 6 of 11
Answer Stats
Lifespan Description Answer % Correct
1926-2016 Producer George Martin
100%
1941- Original drummer from 1960-62 Pete Best
100%
1940-1962 Original bassist from 1960-61 Stuart Sutcliffe
100%
1934-1967 Manager Brian Epstein
90%
1946-2006 Keyboardist during the Get Back sessions Billy Preston
60%
1939- Temporary drummer in 1964 Jimmie Nicol
40%
1930-2015 Drummed on "Love Me Do" Andy White
30%
1932-1997 Press officer Derek Taylor
30%
1941-2008 Road manager Neil Aspinall
30%
1941-2023 Briefly bassist in 1961 Chas Newby
20%
1940-2013 Early contributor Tony Sheridan
20%
No matching quizzes found
Score Distribution
Percent of People with Each Score
Percentile by Number Answered
Your Score History
You have not taken this quiz